000 01057cam a22003377a 4500
003 CHAP
005 20220329132945.0
008 971013s1981 r 00010 d
010 _a657
011 _a1629
035 _a805
040 _cCHAP
082 _a330.1
_bT4Y 1977
100 0 0 _aThuesen, H. G.
_9113007
245 0 _aIngeniería económica
260 _aEnglewood Cliffs :
_bPrentice-Hall,
_c1981
300 _a592 p.
_b: ilus.; gráfs.
500 _aTrad. Engineering economy, 5 ed. de 1977
590 _aBATCH-UPD
_b10
_c20130110
_lUCH01
_h0225
590 _aBATCH-UPD
_b10
_c20130110
_lUCH01
_h1827
590 _aBATCH-UPD
_b10
_c20130410
_lUCH01
_h1159
590 _aBATCH-UPD
_b10
_c20130914
_lUCH01
_h1229
590 _aCONVERSION
_b10
_c20130109
_lUCH01
_h1302
650 1 4 _aEconomía matemática.
_935276
650 1 4 _aEconomía.
_935226
700 0 _aFabrycky, W. J.
_939291
700 0 _aThuesen, G. J.
_9113006
901 _aBK
942 _cLIBRO
949 _a330.1 T4Y 1977
_bBC
_cLIBRO
_d33724000914370
_eLIBRO
_gI. c/e
_h77526
_i805
_si
_t31.60
999 _c657
_d657